Detalles MARC
| 000 -CABECERA |
| Campo de control de longitud fija |
01616nam a2200349 i 4500 |
| 003 - IDENTIFICADOR DEL NÚMERO DE CONTROL |
| Campo de control |
CL-SaCFP |
| 005 - FECHA Y HORA DE LA ÚLTIMA TRANSACCIÓN |
| Campo de control |
20260211150001.0 |
| 007 - CAMPO FIJO DE DESCRIPCIÓN FÍSICA |
| Campo de control de longitud fija |
ta |
| 008 - CÓDIGOS DE INFORMACIÓN DE LONGITUD FIJA |
| Campo de control de longitud fija |
170207s2016 arca bl 000 0 spa |
| 020 ## - NÚMERO INTERNACIONAL NORMALIZADO PARA LIBROS (ISBN) |
| Número Internacional Normalizado para Libros (ISBN) |
9789562363075 |
| 040 ## - FUENTE DE LA CATALOGACIÓN |
| Centro transcriptor |
CL |
| 082 04 - NÚMERO DE LA CLASIFICACIÓN DECIMAL DEWEY |
| Número de clasificación |
352.2830983 A773 2016 |
| Número de edición |
21 |
| 245 03 - MENCIÓN DE TÍTULO |
| Título |
El Arranque de la descentralización : |
| Resto del título |
desatando las amarras del centralismo chileno / |
| Mención de responsabilidad etc. |
Fundación Chile Descentralizado... Desarrollado. |
| 246 30 - VARIANTES DE TÍTULO |
| Título propio / Titulo en breve |
Desatando las amarras del centralismo chileno |
| 250 ## - MENCIÓN DE EDICIÓN |
| Mención de edición |
Diciembre 2016. |
| 264 #1 - PRODUCTION, PUBLICATION, DISTRIBUTION, MANUFACTURE, AND COPYRIGHT NOTICE |
| Lugar de producción publicación distribución fabricación |
Temuco, Chile : |
| Nombre del de productor editor distribuidor fabricante |
Ediciones Universidad de la Frontera, |
| Fecha de de producción publicación distribución fabricación o copyright |
2016. |
| 264 #3 - PRODUCTION, PUBLICATION, DISTRIBUTION, MANUFACTURE, AND COPYRIGHT NOTICE |
| Lugar de producción publicación distribución fabricación |
[Chile] : |
| Nombre del de productor editor distribuidor fabricante |
[Copygraph Ltda.], |
| Fecha de de producción publicación distribución fabricación o copyright |
2016. |
| 300 ## - DESCRIPCIÓN FÍSICA |
| Extensión |
239 páginas : |
| Otras características físicas |
diagramas ; |
| Dimensiones |
23 cm. |
| 336 ## - TIPO DE CONTENIDO |
| Término de tipo de contenido |
texto |
| Código de tipo de contenido |
txt |
| Fuente |
rdacontent |
| 337 ## - TIPO DE MEDIO |
| Nombre del tipo de medio |
no mediado |
| Código del tipo de medio |
n |
| Fuente |
rdamedia |
| 338 ## - TIPO DE SOPORTE |
| Nombre del tipo de soporte |
volumen |
| Código del tipo de soporte |
nc |
| Fuente |
rdacarrier |
| 504 ## - NOTA DE BIBLIOGRAFÍA; ETC. |
| Nota de bibliografía etc. |
Incluye notas bibliográficas. |
| 505 2# - NOTA DE CONTENIDO CON FORMATO |
| Título |
Descentralización política. Más poder autónomo y mejor política regional -- |
| -- |
Descentralización administrativa más competencias y servicios con mayor cercanía a las personas -- |
| -- |
Descentralización fiscal -- |
| -- |
Descentralización 2.0: un desafío de estado. A construir Chile desde sus territorios. |
| 650 #7 - PUNTO DE ACCESO ADICIONAL DE MATERIA - TÉRMINO DE MATERIA |
| Término de materia o nombre geográfico como elemento inicial |
Descentralización administrativa |
| Subdivisión geográfica |
Chile |
| 650 #7 - PUNTO DE ACCESO ADICIONAL DE MATERIA - TÉRMINO DE MATERIA |
| Término de materia o nombre geográfico como elemento inicial |
Descentralización administrativa |
| Subdivisión de forma |
Legislación |
| Subdivisión geográfica |
Chile |
| 650 #7 - PUNTO DE ACCESO ADICIONAL DE MATERIA - TÉRMINO DE MATERIA |
| Término de materia o nombre geográfico como elemento inicial |
Descentralización administrativa |
| Subdivisión de materia general |
Aspectos políticos |
| Subdivisión geográfica |
Chile |
| 650 #7 - PUNTO DE ACCESO ADICIONAL DE MATERIA - TÉRMINO DE MATERIA |
| Término de materia o nombre geográfico como elemento inicial |
Descentralización administrativa |
| Subdivisión de materia general |
Aspectos económicos |
| Subdivisión geográfica |
Chile |
| 655 #7 - TÉRMINO DE INDIZACIÓN - GÉNERO/FORMA |
| Datos o término principal de género/forma |
Legislación |
| 710 2# - PUNTO DE ACCESO ADICIONAL - NOMBRE DE ENTIDAD |
| Nombre de entidad o nombre de jurisdicción como elemento inicial |
Fundación Chile Descentralizado... Desarrollado (Chile) |
| 942 ## - ENTRADA PARA ELEMENTOS AGREGADOS (KOHA) |
| Fuente de clasificación o esquema de ordenación en estanterías |
Dewey Decimal Classification |
| Koha [por defecto] tipo de item |
Libros |
| 949 ## - LOCAL PROCESSING INFORMATION (OCLC) |
| a |
c |
| b |
c |